| 000 | 00564nam a2200181Ia 4500 | ||
|---|---|---|---|
| 003 | GCL | ||
| 008 | 140319s9999 xx 000 0 ara d | ||
| 040 |
_aGCL / _cGCL |
||
| 082 | 0 | 4 |
_aق _b327.962055 _bح ا |
| 100 | 1 | _aحسين مجيب المصرى | |
| 245 | 1 | 0 |
_aايران ومصر عبر التاريخ / _cحسين مجيب المصرى |
| 490 |
_aالهيئة العامة للاستعلامات _v0 |
||
| 650 | 0 | 4 | _aمصر |
| 650 | 0 | 4 | _aايران |
| 650 | 0 | 4 | _aايران - تاريخ |
| 650 | 0 | 4 | _aمصر القديمة - تاريخ |
| 942 |
_2ddc _cBK |
||
| 999 |
_c51633 _d51633 |
||